banner-ar

The Churches Of Egypt : (Record no. 60633)

MARC details
000 -الفاتح
حقل البيانات ثابتة الطول 00822nam a22002177a 4500
005 - وقت وتاريخ اخر تعامل مع التسجيلة
رقم الضبط 20240530110420.0
008 - عناصر البيانات ثابتة الطول - معلومات عامة
حقل البيانات ثابتة الطول 150310s2007 ua afo f b 001 0 eng d
020 ## - الرقم الدولى المعيارى للكتب
الرقم الدولى المعيارى للكتاب 9789774161063
040 ## - مصدر الفهرسة
وكالة الفهرسة الأصلية EG-CaGPL
وكالة النسخ EG-CaGPL
082 04 - رقم تصنيف ديوى العشرى
رقم الطبعة 21
رقم التصنيف 273.2
رقم المادة CC/G C
100 0# - المدخل الرئيسى - إسم شخصى
الإسم الشخصى Gawdat Gabra
245 14 - بيان العنوان
العنوان The Churches Of Egypt :
بقية العنوان From The Journey Of The Holy Family To The Present Day /
بيان المسئوليه,etc Gawdat Gabra and Gertrud J. M. Van Loon With Darlene L . Brooks Hedstrom ; Edited by Carolyn Ludwing ; Photographs by Sherif Sonbol .
260 ## - PUBLICATION, DISTRIBUTION, ETC. (IMPRINT)
تاريخ النشر أو التوزيع 2009
300 ## - الوصف المادى
التعداد 328 p. :
تفاصيل ماديه اخرى للوعاء col. ill. ;
أبعاد الوعاء 39 cm.
504 ## - تبصرة ببليوجرافية
تبصرة ببليوجرافية,الخ Includes bibliographical references.
600 0# - المدخل الاضافى بالموضوع-اسم شخصى
الإسم الشخصى Jesus Christ
التقسيم الفرعي العام Family
650 0# - المدخل الاضافى بالموضوع-مصطلح موضوعى
مصطلح موضوعي Church
التقسيم الفرعي العام History
التقسيم الفرعي الجغرافي Egypt
942 ## - عناصر المدخل الإضافي( كوها)
مصدر التصنيف او مخطط الترفيف Dewey Decimal Classification
Koha [default] item type كتاب
260 ## - PUBLICATION, DISTRIBUTION, ETC. (IMPRINT)
-- Cairo :
-- The American University in Cairo Press,
Holdings
حالة التراجع حالة الفقد مصدر التصنيف او خطة الترفيف حالة تلف ليس للاعارة المكان المؤقت الموقع الحالى تاريخ الاكتساب اجمالي اﻻعارات رقم الطلب الباركود تاريخ اخر مشاهدة تاريخ تفعيل السعر نوع وعاء كوها
    ddc     مكتبة القاهرة الكبرى مكتبة القاهرة الكبرى 03/10/2015   273.2 CC/G C 159732 03/10/2015 03/10/2015 كتاب

Powered By

EGPV